MARC details
| 000 -CABECERA |
| campo de control de longitud fija |
01524nam a2200265 u 4500 |
| 001 - NÚMERO DE CONTROL |
| campo de control |
000003038 |
| 003 - IDENTIFICADOR DEL NÚMERO DE CONTROL |
| campo de control |
DO-SdBNP |
| 005 - FECHA Y HORA DE LA ÚLTIMA TRANSACCIÓN |
| campo de control |
20240304104226.0 |
| 007 - CAMPO FIJO DE DESCRIPCIÓN FÍSICA--INFORMACIÓN GENERAL |
| campo de control de longitud fija |
ta |
| 008 - DATOS DE LONGITUD FIJA--INFORMACIÓN GENERAL |
| campo de control de longitud fija |
090706s2004 dr bcd r 000 0 spa d |
| 040 ## - FUENTE DE LA CATALOGACIÓN |
| Centro catalogador/agencia de origen |
DO-SdBNP |
| Lengua de catalogación |
spa |
| Centro/agencia transcriptor |
BNPHU |
| 082 #4 - NÚMERO DE LA CLASIFICACIÓN DECIMAL DEWEY |
| Número de clasificación |
333.716 |
| Número de documento/Ítem |
R426m |
| Número de edición |
22 |
| 110 1# - ENTRADA PRINCIPAL--NOMBRE DE ENTIDAD CORPORATIVA |
| Nombre de entidad corporativa o nombre de jurisdicción como elemento de entrada |
República Dominicana. |
| Unidad subordinada |
Secretaría de Estado de Medio Ambiente y Recursos Naturales |
| 9 (RLIN) |
14503 |
| 245 00 - MENCIÓN DE TÍTULO |
| Título |
Memoria y rendición de cuentas 2000 - 2004 / |
| Mención de responsabilidad, etc. |
recopilación de datos Olga Luciano, Margarita Marmolejos. |
| 260 ## - PUBLICACIÓN, DISTRIBUCIÓN, ETC. |
| Lugar de publicación, distribución, etc. |
Santo Domingo : |
| Nombre del editor, distribuidor, etc. |
Secretaría de Estado de Medio Ambiente y Recursos Naturales, |
| Fecha de publicación, distribución, etc. |
2004. |
| 300 ## - DESCRIPCIÓN FÍSICA |
| Extensión |
188 p. : |
| Otras características físicas |
mapa, retratos, gráficos ; |
| Dimensiones |
27 cm. |
| 500 ## - NOTA GENERAL |
| Nota general |
Incluye índice |
| 505 0# - NOTA DE CONTENIDO CON FORMATO |
| Nota de contenido con formato |
Reordenamiento y desarrollo institucional -- Marco normativo y regulatorio de la gestión ambiental -- Valorización de las areas protegidas y conservación de la biodiversidad -- Reorganización del sector forestal : hacia una política forestal nacional -- Protección y conservación de las aguas y los recursos costeros y marinos -- Sistema nacional de información. Gestión ambiental municipal -- Educación ambiental -- La República Dominicana en los acuerdos multilaterales de medio ambiente. |
| 590 ## - NOTA LOCAL (RLIN) |
| Nota local |
Inventariado, 2018/MFF |
| 610 14 - PUNTO DE ACCESO ADICIONAL DE MATERIA--NOMBRE DE ENTIDAD CORPORATIVA |
| Nombre de entidad corporativa o nombre de jurisdicción como elemento de entrada |
República Dominicana. |
| Unidad subordinada |
Secretaría de Estado de Medio Ambiente y Recursos Naturales |
| 9 (RLIN) |
14503 |
| Subdivisión cronológica |
2000-2004 |
| 700 1# - PUNTO DE ACCESO ADICIONAL--NOMBRE DE PERSONA |
| Nombre de persona |
Luciano, Olga |
| 9 (RLIN) |
9616 |
| 700 1# - PUNTO DE ACCESO ADICIONAL--NOMBRE DE PERSONA |
| Nombre de persona |
Marmolejos, Margarita |
| 9 (RLIN) |
9617 |
| 910 ## - DATOS DE OPCIÓN DEL USUARIO (OCLC) |
| Datos de opción del usuario |
Validado. Control de calidad MFF |
| 942 ## - ELEMENTOS DE PUNTO DE ACCESO ADICIONAL (KOHA) |
| Fuente del sistema de clasificación o colocación |
Dewey Decimal Classification |
| Tipo de ítem Koha |
Libro |